000 00469nam a2200169Ia 4500
008 090711s9999 xx 000 0 und d
082 _b72161
100 _aमुजावर बशीर सा.
245 _aअद्वैत
260 _c1993
300 _a194+1
600 _aमुजावर बशीर सा.
630 _aअद्वैत
700 _aमुजावर बशीर सा.
730 _aअद्वैत
942 _cBOOK
999 _c311191
_d311191